| 000 | 00660nam a2200193 i 4500 | ||
|---|---|---|---|
| 001 | 186645 | ||
| 003 | ES-MaACL | ||
| 005 | 20250811145628.0 | ||
| 008 | 161216s1966 sp |||| | spa d | ||
| 100 | 1 |
_aJara Carrillo, Pedro, _d1878-1927 _966091 |
|
| 245 | 1 | 0 |
_aRetazos periodísticos _b: (prosa y verso) / Pedro Jara Carrillo ; dibujo portada, Muñoz Barberán. |
| 260 |
_a[Murcia : _bSucesores de Nogués, _c1966] |
||
| 300 |
_a341 p. ; _c21. |
||
| 490 | 1 |
_aObras completas ; _v8 |
|
| 700 | 1 |
_aMuñoz Barberán, Manuel, _d1921-2007 _984358 |
|
| 830 | 0 |
_aObras completas ; _v8 _9176447 |
|
| 852 |
_aES-MaACL _jG-6801 |
||
| 999 |
_c186645 _d186645 |
||